| 000 | 01215nam a22003617a 4500 | ||
|---|---|---|---|
| 001 | 0006266 | ||
| 003 | KOHA_MİRAKIL | ||
| 005 | 20260207001517.0 | ||
| 007 | ta | ||
| 008 | 090619b1978 tu |||gr||||#||||0|tur | | ||
| 020 | _c0,01 | ||
| 040 |
_aTR-BiSEU _btur _cTR-BiSEU _erda |
||
| 041 | 0 | _atur | |
| 044 | _ctu | ||
| 050 |
_aHD2056.7 _b.E74 1978 |
||
| 100 | 1 | _aErgün, Yücel. | |
| 245 | 1 |
_aTarımsal ürün destekleme alımları/ _cYücel Ergün ; Yücel Ergün. |
|
| 264 | 1 |
_aAnkara : _bMaliye Bakanlığı Tetkik Kurulu _c1978 |
|
| 300 | _a193 sayfa: resimli | ||
| 336 |
_ametin _btxt _2rdacontent |
||
| 337 |
_aaracısız _bn _2rdamedia |
||
| 338 |
_acilt _bnc _2rdacarrier |
||
| 490 | 1 | _aMaliye Bakanlığı Tetkik Kurulu ;no 1978-194. | |
| 500 | _aKaynakça var. | ||
| 650 | 0 |
_aAgriculture and state--Turkey. _915548 |
|
| 650 | 0 |
_aAgriculture--Economic aspects--Turkey. _915549 |
|
| 650 | 0 |
_aAgriculture--Social aspects--Turkey. _915550 |
|
| 650 | 0 |
_aTarım ve devlet--Türkiye. _915551 |
|
| 650 | 0 |
_aTarım--Ekonomik yönler--Türkiye. _915552 |
|
| 650 | 0 |
_aTarım--Sosyal yönler--Türkiye. _915553 |
|
| 830 | 1 |
_aMaliye Bakanlığı Tetkik Kurulu ;no 1978-194. _915554 |
|
| 942 |
_2lcc _cBK |
||
| 999 |
_c6247 _d6247 |
||